[Event "Zuoz Engiadina op 25th"]
[Site "Zuoz"]
[Date "2018.10.08"]
[Round "3"]
[White "Albicker, Laurenz"]
[Black "Kube, Hannelore"]
[Result "0-1"]
[WhiteElo "1493"]
[BlackElo "1904"]
[PlyCount "74"]
[EventDate "2018.10.06"]
[EventType "swiss"]
[EventRounds "7"]
[EventCountry "SUI"]
[SourceTitle "CBM 186 Extra"]
[Source "ChessBase"]
[SourceDate "2018.08.24"]
[SourceVersion "1"]
[SourceVersionDate "2018.08.24"]
[SourceQuality "1"]

1. e4 e5 2. Nf3 Nc6 3. Nc3 Nf6 4. Bc4 Be7 5. 0-0 d6 6. h3 0-0 7. d4 exd4 8. Nxd4 Ne5 9. Be2 c6 10. Nf5 Bxf5 11. exf5 d5 12. Bf4 Bd6 13. Bh2 Qc7 14. Bxe5 Bxe5 15. g3 Rfe8 16. Bf3 Re7 17. Qd2 Rae8 18. Rfe1 Bxg3 19. Rxe7 Bh2+ 20. Kg2 Rxe7 21. Ne2 Bd6 22. Rc1 Be5 23. c4 Ne4 24. Qc2 Qb6 25. Bxe4 dxe4 26. Qxe4 Bf6 27. Qc2 h6 28. b3 Qc5 29. Rd1 Re5 30. Ng3 Qe7 31. Nh5 Bh4 32. Kf3 Qg5 33. Ng3 Bxg3 34. fxg3 Re3+ 35. Kf2 Qxg3+ 36. Kf1 Qxh3+ 37. Qg2 Rf3+ 0-1

[Event "Stein am Rhein op 2nd"]
[Site "Stein am Rhein"]
[Date "2014.03.02"]
[Round "5"]
[White "Koelbl, Ines"]
[Black "Albicker, Laurenz"]
[Result "1-0"]
[WhiteElo "1771"]
[BlackElo "1514"]
[PlyCount "81"]
[EventDate "2014.02.28"]
[EventType "swiss"]
[EventRounds "5"]
[EventCountry "SUI"]
[SourceTitle "CBM 159 Extra"]
[Source "ChessBase"]
[SourceDate "2014.04.24"]
[SourceVersion "1"]
[SourceVersionDate "2014.04.24"]
[SourceQuality "1"]

1. d4 Nf6 2. c4 e6 3. Nc3 d5 4. Bg5 Be7 5. Nf3 h6 6. Bh4 0-0 7. e3 b6 8. cxd5 Nxd5 9. Bxe7 Qxe7 10. Nxd5 exd5 11. Qd2 Bb7 12. Rc1 c5 13. dxc5 bxc5 14. Be2 Nd7 15. 0-0 Nf6 16. Rc2 Rac8 17. Rfc1 Rc7 18. Qa5 Rfc8 19. a3 Ne8 20. Qxa7 Qd6 21. Qa5 Ra8 22. Qd2 Nf6 23. Rd1 Ne4 24. Qc1 Rd8 25. b4 Rdc8 26. b5 c4 27. Qb2 c3 28. Qb3 Rc5 29. a4 Qb6 30. Qb4 Ra8 31. Ra1 Bc6 32. Ra3 Ra5 33. Bd3 f6 34. h3 Kh8 35. Nd4 Bd7 36. Nb3 Bxb5 37. Nxc5 Nxc5 38. Bxb5 Na6 39. Qf8+ Kh7 40. Bd3+ f5 41. Bxf5+ 1-0